Unique Country Endings by Continent Quiz Stats

 Plays Quiz Updated Jul 31, 2016

Also try: Country Doubles
Challenge
Share
Tweet
Embed
Score 0/20 Timer 04:00
4 Plays Today
Continent Country % Correct
South AmericaPeru
86.4%
South AmericaBrazil
83.4%
AsiaIraq
79.9%
OceaniaNew Zealand
77.3%
South AmericaEcuador
75.5%
North AmericaHaiti
65.3%
EuropePortugal
63.4%
EuropeDenmark
62.8%
North AmericaBelize
62.3%
AsiaThailand
56.5%
Continent Country % Correct
EuropeLuxembourg
56.3%
AsiaVietnam
54.4%
North AmericaDominican Republic
54.2%
North AmericaEl Salvador
53.4%
AfricaSenegal
50.8%
AsiaBangladesh
50.1%
AsiaKuwait
49%
AfricaCentral African Republic
47.8%
AsiaBrunei
39.6%
AfricaGuinea-Bissau
33.7%

You're not logged in!

Compare scores with friends on all Sporcle quizzes.
Join for Free
OR
Log In

You Might Also Like...

Show Comments

Extras

Top Quizzes Today


Score Distribution

Your Account Isn't Verified!

In order to create a playlist on Sporcle, you need to verify the email address you used during registration. Go to your Sporcle Settings to finish the process.

Report this User

Report this user for behavior that violates our Community Guidelines.

Details: